000 00725nam a2200157 i 4500
001 182540
003 ES-MaACL
005 20230906221635.0
008 130913s1888 sp |||| | spa d
245 0 3 _aEl Colegio Nacional de Sordo-mudos y de Ciegos de Madrid en la Exposición Universal de Barcelona de 1888
_b: catálogo de los libros, aparatos, material de enseñanza y trabajos de los alumnos que remite a dicha exposición.
260 _aMadrid :
_b[s.n.],
_c1888 (
_fImp. del Colegio de Sordo-mudos y de Ciegos)
300 _a16 p. ;
_c23 cm.
610 2 4 _aColegio Nacional de Sordo-Mudos y de Ciegos de Madrid.
_92940
611 2 _aExposición Universal.
_d1888.
_cBarcelona)
_9153421
852 _aES-MaACL
_jT-669-F-1
999 _c182540
_d182540